| 000 | 00477nam a22002057a 4500 | ||
|---|---|---|---|
| 001 | 1941 | ||
| 003 | GCW Jind | ||
| 005 | 20260410134323.0 | ||
| 008 | 202604b |||||||| |||| 00| 0 eng d | ||
| 020 | _a978-123-456-76 | ||
| 040 |
_aPIGCW Jind _cPIGCW jind |
||
| 082 | _a025.3 | ||
| 100 | _aSingh P.K. | ||
| 245 | _aDigital Library and Science | ||
| 250 | _a3rd | ||
| 260 |
_aDelhi _bABC Publication |
||
| 300 | _a250 | ||
| 650 | _aLibrary Science | ||
| 942 |
_2ddc _cBOOK _n0 |
||
| 999 |
_c1941 _d1941 |
||